Movies Quiz

Random Movies or Star Wars Quiz

Star Wars Smugglers' Exam Quiz Stats

 Plays Quiz Updated Mar 3, 2016

Score 0/15 Timer 03:00
3 Plays Today
% Correct
???
100%
???
87.1%
???
81.1%
???
79.2%
???
72.1%
???
56.3%
???
51%
???
43.1%
% Correct
???
34.6%
???
31%
???
30.6%
???
22.6%
???
21.5%
???
19.9%
???
17.7%

You're not logged in!

Compare scores with friends on all Sporcle quizzes.
OR
Log In

Show Comments

Extras

Top Quizzes Today


Score Distribution

Your Account Isn't Verified!

In order to create a playlist on Sporcle, you need to verify the email address you used during registration. Go to your Sporcle Settings to finish the process.

Report this User

Report this user for behavior that violates our Community Guidelines.

Details: